00949cam a22002411 4500001001300000003000400013005001700017008004100034010001700075035001900092040005100111042001200162050001600174100003800190245007200228260006300300300001800363500009500381500013400476650003900610710004100649999001700690e 33000750 DLC20260227111223.0820129s1933 nyu b 000 0 eng c ae 33000750  a(OCoLC)8107295 aLibrary, U.S. Office of EducationcVidVidDLC apremarc00aZ7911b.F331 aFenninger, William Norman,d1889-10aSelected bibliography in technical subjects,cby W.N. Fenninger ... aAlbany,bUniversity of the State of New York Press,c1933. a23 p.c23 cm. aAt head of title: The University of the State of New York. The State Education Department. a"Prepared to assist teachers who are teaching the topics covered in 'Syllabus in technical subjects' printed in 1931."--Foreword. 0aTechnical educationvBibliography.2 aUniversity of the State of New York. c21314d21314